| 000 | 00874 a2200253 4500 | ||
|---|---|---|---|
| 999 |
_c200130296 _d30768 |
||
| 001 | 200130296 | ||
| 003 | TR-AnTOB | ||
| 005 | 20240826145139.0 | ||
| 008 | 130821b tu 000 0 | ||
| 040 |
_aTR-AnTOB _cTR-AnTOB _beng _erda |
||
| 041 | _atur | ||
| 050 |
_aDR416 _b.İ78 2012 |
||
| 090 | _aDR416 .İ78 2012 | ||
| 245 | 1 | 0 |
_aİstanbul Antalya : _bGizemli çıkışlar : _bdoğal güzellikler, arkeolojik ve tarihi yerler / _cAtlas. |
| 264 | 1 |
_aİstanbul: _bDoğan Burda Dergi Yayıncılık, _c2012 |
|
| 300 |
_a66 p. : _bill., maps. ; _c15 cm. |
||
| 490 | 0 |
_aAtlas Keşif Kitaplığı. _aKahverengi Tabelalar. |
|
| 500 | _a“Atlas Dergisi sayı 232, Temmuz 2012 eki.” | ||
| 650 | 7 |
_aKentler ve kasabalar _zTürkiye _2etuturkob _910252 |
|
| 651 | 0 | 7 |
_aTürkiye _xEski eserler _2etuturkob _9122509 |
| 651 | 0 | 0 |
_aTürkiye _xGezi ve tanıtım _9129112 |
| 942 |
_cBK _2lcc |
||